banner-ar

English literature in context / (Record no. 60651)

MARC details
000 -الفاتح
حقل البيانات ثابتة الطول 01288pam a2200325 a 4500
005 - وقت وتاريخ اخر تعامل مع التسجيلة
رقم الضبط 20240530110421.0
008 - عناصر البيانات ثابتة الطول - معلومات عامة
حقل البيانات ثابتة الطول 080125s2008 enkab b 001 0 eng
020 ## - الرقم الدولى المعيارى للكتب
الرقم الدولى المعيارى للكتاب 9780521839921 (cased)
020 ## - الرقم الدولى المعيارى للكتب
الرقم الدولى المعيارى للكتاب 0521839920 (cased)
020 ## - الرقم الدولى المعيارى للكتب
الرقم الدولى المعيارى للكتاب 0521549280 (pbk.)
020 ## - الرقم الدولى المعيارى للكتب
الرقم الدولى المعيارى للكتاب 9780521549288 (pbk.)
035 ## - رقم ضبط النظام
رقم ضبط النظام (OCoLC)ocn173238916
040 ## - مصدر الفهرسة
وكالة الفهرسة الأصلية EG-CaGPL
وكالة النسخ EG-CaGPL
042 ## -
-- lccopycat
043 ## - رمز المنطقة الجغرافية
رمز المنطقة الجغرافية e-uk---
082 04 - رقم تصنيف ديوى العشرى
رقم الطبعة 21
رقم التصنيف 820\
رقم المادة P E
245 00 - بيان العنوان
العنوان English literature in context /
بيان المسئوليه,etc Paul Poplawski, general editor.
260 ## - PUBLICATION, DISTRIBUTION, ETC. (IMPRINT)
تاريخ النشر أو التوزيع 2008.
300 ## - الوصف المادى
التعداد xx, 685 p. :
تفاصيل ماديه اخرى للوعاء ill., maps ;
أبعاد الوعاء 25 cm.
504 ## - تبصرة ببليوجرافية
تبصرة ببليوجرافية,الخ Includes bibliographical references and index.
650 #0 - المدخل الاضافى بالموضوع-مصطلح موضوعى
مصطلح موضوعي English literature
التقسيم الفرعي العام History and criticism.
650 #0 - المدخل الاضافى بالموضوع-مصطلح موضوعى
مصطلح موضوعي Literature and history
التقسيم الفرعي الجغرافي Great Britain
التقسيم الفرعي العام History.
650 #0 - المدخل الاضافى بالموضوع-مصطلح موضوعى
مصطلح موضوعي Literature and society
التقسيم الفرعي الجغرافي Great Britain
التقسيم الفرعي العام History.
700 1# - المدخل الاضافى - اسم شخصى
الإسم الشخصى Poplawski, Paul.
942 ## - عناصر المدخل الإضافي( كوها)
مصدر التصنيف او مخطط الترفيف Dewey Decimal Classification
Koha [default] item type كتاب
260 ## - PUBLICATION, DISTRIBUTION, ETC. (IMPRINT)
-- Cambridge ;
-- New York :
-- Cambridge University Press,
856 42 - الوصول و الموقع الالكترونى
مواد محددة Contributor biographical information
معرف المصدر الموحد http://www.loc.gov/catdir/enhancements/fy0808/2008271017-b.html
856 42 - الوصول و الموقع الالكترونى
مواد محددة Publisher description
معرف المصدر الموحد http://www.loc.gov/catdir/enhancements/fy0808/2008271017-d.html
856 41 - الوصول و الموقع الالكترونى
مواد محددة Table of contents only
معرف المصدر الموحد http://www.loc.gov/catdir/enhancements/fy0808/2008271017-t.html
Holdings
حالة التراجع حالة الفقد مصدر التصنيف او خطة الترفيف حالة تلف ليس للاعارة المكان المؤقت الموقع الحالى تاريخ الاكتساب اجمالي اﻻعارات رقم الطلب الباركود تاريخ اخر مشاهدة تاريخ تفعيل السعر نوع وعاء كوها
    ddc     مكتبة القاهرة الكبرى مكتبة القاهرة الكبرى 03/11/2015   820\ P E 159751 03/11/2015 03/11/2015 كتاب

Powered By

EGPV